30 Personnages La Casa de Papel (Images) - Statistiques

Statistiques générales
  • Ce quiz a été pris 1 995 fois
  • Le résultat moyen est 18 sur 30
Statistiques - réponses
Par images Réponse % Correct
Andrés de Fonollosa (Berlin)
92%
Anibal Cortés (Rio)
92%
Silene Oliveira (Tokyo)
92%
Sergio Marquina (Le Professeur)
90%
Daniel Ramos (Denver)
89%
Agata Jimenez (Nairobi)
88%
Mirko Dragić (Helsinki)
86%
Raquel Murillo (Lisbonne)
84%
Dimitri Basanda (Oslo)
80%
Mónica Gaztambide (Stockholm)
80%
Jakov (Marseille)
78%
Agustin Ramos (Moscou)
77%
Arturo Román
72%
Martín Berote (Palerme)
69%
Alicia Sierra
65%
Santiago López (Bogota)
65%
Julia Martinez (Manille)
53%
Ángel Rubio
51%
Alison Parker
47%
Cesar Gandia
46%
Matías Caño (Pampelune)
42%
Suárez
41%
Luis Tamayo
40%
Alfonso Prieto
31%
Tatiana
30%
Benjamin Martinez (Logroño)
28%
Rafael de Fonollosa
24%
Alberto Vicuña
16%
Ariadna Cascales
16%
Sagasta
12%
Aucun quiz correspondant
Distribution des résultats
% des personnes avec chaque résultat
Percentile par nombre de réponses
Votre historique - résultats
Vous n’avez pas pris ce quiz